Statistics for 2023-24 NFL QB DEPTH CHART QUIZ

Click here to take the quiz!

General Stats

  • This quiz has been taken 275 times
    (241 since last reset)
  • The average score is 51 of 64

Answer Stats

HintAnswer% Correct
ARIKyler Murray
97%
BALLamar Jackson
97%
CINJoe Burrow
96%
BUFJosh Allen
96%
CHIJustin Fields
96%
DENRussell Wilson
96%
LACJustin Herbert
95%
KCPatrick Mahomes
95%
NYJZach Wilson
95%
CARBryce Young
94%
HOUC.J. Stroud
94%
CLEDeshaun Watson
94%
DETJared Goff
94%
GBJordan Love
94%
JAKTrevor Lawrence
94%
ARIClayton Tune / Joshua Dobbs
93%
DALDak Prescott
93%
NYGDaniel Jones
93%
NODerek Carr
93%
ATLDesmond Ridder
93%
MINKirk Cousins
93%
BUFKyle Allen
93%
NEMac Jones
93%
LARMatthew Stafford
93%
SFBrock Purdy
92%
MIATua Tagovailoa
92%
NYJAaron Rodgers
91%
TBBaker Mayfield
91%
SEAGeno Smith
91%
PHIJalen Hurts
91%
PITKenny Pickett
91%
INDAnthony Richardson
90%
TENRyan Tannehill
90%
LVJimmy Garoppolo
89%
INDGardner Minshew
88%
DALCooper Rush / Trey Lance
85%
TENMalik Willis / Will Levis
85%
WASSam Howell
85%
NOJameis Winston
82%
BALTyler Huntley
82%
NEBailey Zappe
80%
SEADrew Lock
77%
ATLTaylor Heinicke
74%
PHIMarcus Mariota / Tanner McKee
73%
CARAndy Dalton
72%
PITMitch Trubisky
72%
SFSam Darnold
72%
LVBrian Hoyer / Aidan O'Connell
70%
CLEDorian Thompson-Robinson
69%
MIAMike White / Skylar Thompson
68%
NYGTyrod Taylor
66%
HOUDavis Mills
65%
DETTeddy Bridgewater / Hendon Hooker
65%
WASJacoby Brissett
60%
CINJake Browning
60%
TBKyle Trask
54%
CHITyson Bagent
50%
LACEaston Stick
49%
KCBlaine Gabbert
46%
DENJarrett Stidham
45%
MINNick Mullens
44%
LARStetson Bennett
39%
JAKC.J. Beathard
38%
GBSean Clifford
30%

Score Distribution

Percentile by Number Answered

Percent of People with Each Score

Your Score History

You have not taken this quiz since the last reset